All Beatles Songs to Chart on the Billboard Hot 100 - Statistics

General Stats
  • This quiz has been taken 20 times
  • The average score is 29 of 66
Answer Stats
Hint Answer % Correct
No. 1 Hey Jude
92%
No. 3 She Loves You
92%
No. 1 Yesterday
92%
No. 1 Help!
83%
No. 1 Let it Be
83%
No. 1 Come Together
75%
No. 1 Love Me Do
75%
No. 1 Penny Lane
75%
No. 3 Something
75%
No. 8 Strawberry Fields Forever
75%
No. 2 Twist and Shout
75%
No. 1 A Hard Day's Night
67%
No. 1 Can't Buy Me Love
67%
No. 11 Eleanor Rigby
67%
No. 1 Get Back
67%
No. 14 I Saw Her Standing There
67%
No. 4 I Want to Hold Your Hand
67%
No. 12 Revolution
67%
No. 1 The Long and Winding Road
67%
No. 45 All My Loving
58%
No. 5 Day Tripper
58%
No. 1 Eight Days a Week
58%
No. 4 Lady Madonna
58%
No. 1 Paperback Writer
58%
No. 1 All You Need is Love
50%
No 41 From Me to You
50%
No. 1 Hello, Goodbye
50%
No. 3 Nowhere Man
50%
No. 1 Ticket to Ride
50%
No. 2 Yellow Submarine
50%
No. 12 And I Love Her
42%
No. 7 Got to Get You Into My Life
42%
No. 56 I am the Walrus
42%
No. 49 Ob-La-Di Ob-La-Da
42%
No. 1 Sgt. Pepper's Lonely Hearts Club
42%
No. 1 We Can Work it Out
42%
No. 35 Don't Let Me Down
33%
No. 53 If I Fell
33%
No. 53 I Should Have Known Better
33%
No. 5 Please Please Me
33%
No. 10 P.S. I Love You
33%
No. 23 Rain
33%
No. 34 Baby You're a Rich Man
25%
No. 8 Ballad of John and Yoko
25%
No. 2 Do You Want to Know a Secret
25%
No. 6 Free As a Bird
25%
No. 1 I Feel Fine
25%
No. 25 I'll Cry Instead
25%
No. 7 Now and Then
25%
No. 11 Real Love
25%
No. 68 Roll Over Beethoven
25%
No.96 The Inner Light
25%
No.47 Act Naturally
17%
No. 95 I'm Happy Just to Dance With You
17%
No. 17 Matchbox
17%
No. 26 My Bonnie
17%
No. 4 She's a Woman
17%
No. 74 There's a Place
17%
No. 48 You Can't Do That
17%
No. 39 I Don't Want to Spoil the Party
8%
No. 94 Sie Liebt Dich
8%
No. 25 Slow Down
8%
No. 35 Thank You Girl
8%
N0. 81 What Goes On
8%
No. 46 Yes, It Is
8%
No. 19 Ain't She Sweet
0%
No matching quizzes found
Score Distribution
Percent of People with Each Score
Percentile by Number Answered
Your Score History
You have not taken this quiz